000 00242nam a2200085Ia 4500
245 0 _a4 weeks to healthy digestion
100 _a GREENBERGER, Norton J. New York, 2009
_9100452
942 _cBK
008 210818s9999 xx 000 0 und d
999 _c430879
_d430878